书目信息 |
| 题名: |
古文观止
|
|
| 作者: | 许啸天 译注 | |
| 分册: | 上 | |
| 出版信息: | 天津 天津古籍书店 1981.6 |
|
| 页数: | 554页 | |
| 开本: | 20cm | |
| 丛书名: | ||
| 单 册: | ||
| 中图分类: | I262.2 , I202.2 | |
| 科图分类: | ||
| 主题词: | 文学--中国--古代 | |
| 电子资源: | ||
| ISBN: | ||
| 000 | 00639nam0 2200205 45 | |
| 001 | 0312221749 | |
| 005 | 20051108110406.06 | |
| 010 | @dCNY3.75(2册) | |
| 100 | @a20031222d1981 km y0chiy0120 ea | |
| 101 | @achi | |
| 200 | 1 | @a古文观止@AGu Wen Guan Zhi@e言文对照 白话译注@EYan Wen Dui Zhao Bai HuaYi Zhu@h上@f许啸天译注@FXu Xiao Tian Yi Zhu |
| 210 | @a天津@c天津古籍书店@d1981.6 | |
| 215 | @a554页@d20cm | |
| 517 | @a言文对照 白话译注@AYan Wen Dui Zhao Bai Hua Yi Zhu | |
| 606 | 0 | @a文学@x中国@z古代 |
| 690 | @aI262.2@v3 | |
| 690 | @aI202.2@v4 | |
| 701 | 0 | @a许啸天@4译注 |
| 801 | @aCN@bTSTCL@c20051108 | |
| 905 | @a10447@dI202.2@eX900:2-1 | |
| 古文观止:言文对照 白话译注.上/许啸天译注.-天津:天津古籍书店,1981.6 |
| 554页;20cm |
| ISBN :CNY3.75(2册) |
| ● |
| 相关链接 |
|
|
|
|
正题名:古文观止
索取号:I202.2/X900:2-1
 
预约/预借
| 序号 | 登录号 | 条形码 | 馆藏地/架位号 | 状态 | 备注 |
| 1 | 0056525 | 202136152 | 密集书库/ [索取号:I202.2/X900:2-1] | 在馆 |